10 biggest Cities - Arizona - Statistics

General Stats
  • This quiz has been taken 24 times
  • The average score is 7 of 10
Answer Stats
Inhabitants City % Correct
1.624.569 Phoenix
100%
543.242 Tucson
90%
509.475 Mesa
81%
184.118 Tempe
76%
249.630 Glendale
71%
242.753 Scottsdale
71%
279.458 Chandler
67%
273.136 Gilbert
67%
194.917 Peoria
43%
149.191 Surprise
38%
No matching quizzes found
Score Distribution
Percent of People with Each Score
Percentile by Number Answered
Your Score History
You have not taken this quiz